Influjo de trento en los concilios Limenses / (Record no. 20314)

000 -CABECERA
fixed length control field 00861nam a22002177a 4500
003 - IDENTIFICADOR DEL NÚMERO DE CONTROL
control field AR-CdUCM
008 - DATOS DE LONGITUD FIJA--INFORMACIÓN GENERAL
fixed length control field 190528b ||||| |||| 00| 0 spa d
040 ## - FUENTE DE LA CATALOGACIÓN
Agencia/entidad que catalogó originalmente la obra MUNICIPALIDAD PROVINCIAL DEL CUSCO
Entidad que transcribió la catalogación BIBLIOTECA MUNICIPAL DEL CUSCO
082 ## - NÚMERO DE LA CLASIFICACIÓN DECIMAL DEWEY
No. de Clasificación 262.52 /
Notacion interna SE45
100 ## - ENTRADA PRINCIPAL--NOMBRE DE PERSONA
Nombre Personal Severo Aparicio, O. De M.
245 ## - MENCIÓN DE TÍTULO
Título Influjo de trento en los concilios Limenses /
260 ## - PUBLICACIÓN, DISTRIBUCIÓN, ETC.
Lugar de publicación, distribución, etc. Madrid :
Nombre de la editorial, distribuidor, etc. Raycar,
Fecha de publicación, distribución, etc. 1972.
300 ## - DESCRIPCIÓN FÍSICA
Nº de Páginas Extensión 29 páginas ;
Dimensiones 26 cm.
440 ## - MENCIÓN DE SERIE/PUNTO DE ACCESO ADICIONAL--TÍTULO
Título Separata de Missionalia Hispanica
Número de la parte/sección de una obra 86 (páginas 215-239)
9 (RLIN) 42466
505 ## - NOTA DE CONTENIDO CON FORMATO
Nota de contenido formateada Contenido : Deseo de los obispos de América de ir a trento y la oposición de Madrid -- Promulgación de los decretos del trento en el virreynato del Perú -- Concilio Limenses...
650 ## - PUNTO DE ACCESO ADICIONAL DE MATERIA--TÉRMINO DE MATERIA
Descriptor Concilios
9 (RLIN) 42467
650 ## - PUNTO DE ACCESO ADICIONAL DE MATERIA--TÉRMINO DE MATERIA
Descriptor Lima
9 (RLIN) 231
650 ## - PUNTO DE ACCESO ADICIONAL DE MATERIA--TÉRMINO DE MATERIA
Descriptor Virreynato del Perú
9 (RLIN) 42468
942 ## - ELEMENTOS DE PUNTO DE ACCESO ADICIONAL (KOHA)
Fuente de clasificación
Tipo de item Libros-BMC
945 ## - PROCESAMIENTO DE INFORMACIÓN LOCAL (OCLC)
Catalogador rcc
Holdings
Estado de retiro (separado) Fuente de clasificación o esquema de estanterías Estado dañado Ubicación Sala donde se ubica Nombre de la colección Fecha de adquisición o compra Costo, precio normal en soles Signatura topográfica Código de Barras Última vez visto (Koha) Tipo de ítem (Koha)
No     Sala Humanidades Sala Humanidades Book Cart 2019-05-28 10.00 262.52 / SE45 SH0000014682 2019-05-28 Libros-BMC

Powered by Koha